American national standard : bank check specifications for magnetic ink character recognition.

Saved in:
Bibliographic Details
Corporate Author: American National Standards Institute
Format: Book
Language:English
Published: N.Y. : American National Standards Institute, 1970.
Series:ANSI X3.3-1970
Subjects:
LEADER 00962nam a22002414a 4500
001 c000121639
003 CARM
005 20011108123850.0
008 011016s1970 nyua 000 0 eng c
019 1 |a 23124606  |5 LACONCORD2021 
035 |a (OCoLC)223265617  |5 LACONCORD2021 
040 |a VCAV  |b eng  |c VCAV 
110 2 |a American National Standards Institute. 
245 1 0 |a American national standard :  |b bank check specifications for magnetic ink character recognition. 
260 |a N.Y. :  |b American National Standards Institute,  |c 1970. 
300 |a 1 v. (various pagings) :  |b ill. ;  |c 28 cm. 
440 0 |a ANSI X3.3-1970 
650 0 |a Optical character recognition. 
650 0 |a Checks. 
650 0 |a Printing ink  |x Standards. 
852 8 |b CARM  |h A2:AL10D0  |i D05342  |p 0165401  |f BK 
999 f f |i 17d69299-c930-53c2-b864-95c30286bae8  |s ad723800-4f31-5ce1-a4a2-09e940750a01 
952 f f |p Can circulate  |a CAVAL  |b CAVAL  |c CAVAL  |d CARM 1 Store  |e D05342  |f A2:AL10D0  |h Other scheme  |i book  |m 0165401